000 04749cam a2200373 4500500
005 20251228045447.0
041 _afre
042 _adc
100 1 0 _aSangho, Hamadoun
_eauthor
700 1 0 _aGuindo Traoré, Mariam
_eauthor
700 1 0 _aJoos, Olga
_eauthor
700 1 0 _aKeita, Haoua Dembélé
_eauthor
700 1 0 _aKeïta, Assa Sidibé
_eauthor
700 1 0 _aMunos, Melinda K.
_eauthor
245 0 0 _aRecherche formative sur l’enregistrement d’évènements vitaux en milieu communautaire au Mali
260 _c2015.
500 _a31
520 _aObjectif : Au Mali, la mortalité infanto-juvénile est élevée. La plupart de ces décès se produisent dans la communauté sans un système d’enregistrement fiable. L’objectif de l’étude était de recueillir des informations sur l’enregistrement des évènements vitaux en milieu communautaire dans les districts sanitaires de Niono et de Barouéli dans la région de Ségou, dans la perspective d’établir un système amélioré d’enregistrement des évènements vitaux à base communautaire. Méthodologie : L’étude était transversale, descriptive et qualitative. La collecte des données s’est déroulée en mai 2010. Les cibles étaient des agents sociosanitaires, l’administration, des membres de la communauté, des associations de femmes et des organisations non-gouvernementales. Les techniques d’entretiens individuel et de groupe ont été utilisées. Les données ont été saisies et codifiées avec le logiciel Modalisa version 5.1. Résultats : L’enregistrement des grossesses se réalisait seulement dans les structures sanitaires par les agents de santé et les matrones, et ne se faisait pas avant 3 mois par crainte de perdre la grossesse (par envoûtement et sorcellerie). L’enregistrement des naissances se faisait par les agents de déclaration dans les structures administratives et sanitaires ainsi que dans la communauté, mais il accusait un retard d’environ 7 jours. Les décès d’enfants étaient rarement enregistrés car les populations ignoraient l’importance de cet enregistrement et certaines structures étaient difficilement accessibles. Les opinions étaient favorables pour mettre en place un système amélioré d’enregistrement en impliquant les relais communautaires. Conclusion : L’amélioration de l’enregistrement des évènements vitaux devrait impliquer les relais et passer par la sensibilisation et l’implication des populations.
520 _aFormative research on community-based vital events registration in Mali Objectives : The under-five mortality rate in Mali is high, with most deaths occurring in the community where there is no reliable vital events registration. The objective of this study was to collect data on community-based vital events registration in the Niono and Barouéli districts of the Ségou region, in order to improve the community-based vital events registration system. Methods : Data collection for this cross-sectional, descriptive, and qualitative study was conducted in May 2010. Participants included health and administrative workers, community members, women’s associations, and non-governmental organizations. Data collection methods included individual interviews and focus groups, as well as document review. Data were entered and codified with Modalisa version 5.1. Results : Pregnancy registration was performed exclusively by health workers in health facilities and was not performed before the third month of pregnancy due to concerns about losing the pregnancy (due to sorcery or spells). Birth registration was performed in administrative and health structures and at the community level, but after an interval of about 7 days. Childhood deaths were rarely registered because the community did not understand the importance of this registration, and because of problems accessing the structures in which deaths are registered. Community opinions were favourable to the implementation of an improved system involving relays (community-based volunteers). Conclusion : Improvements to vital events registration in this setting should make use of relays by increasing the awareness and involvement of the population.
690 _acollecte de données
690 _aétudes transversales
690 _agrossesse
690 _aMali
690 _amort
690 _aparturition
690 _across-sectional studies
690 _adata collection
690 _adeath
690 _aMali
690 _aparturition
690 _apregnancy
786 0 _nSanté Publique | 27 | 4 | 2015-10-22 | p. 565-574 | 0995-3914
856 4 1 _uhttps://stm.cairn.info/revue-sante-publique-2015-4-page-565?lang=fr&redirect-ssocas=7080
999 _c1578581
_d1578581